Top 25 Fantasy Quarterbacks of All Time - Statistics

General Stats
  • This quiz has been taken 75 times
    20 since last reset
  • The average score is 20 of 25
Answer Stats
Year Points Answer % Correct
2018 516.4 Patrick Mahomes
100%
2007 496.2 Tom Brady
100%
2011 446.5 Tom Brady
100%
2025 474.2 Josh Allen
94%
2023 449.9 Josh Allen
94%
2024 434.4 Josh Allen
94%
2024 511.6 Lamar Jackson
94%
2019 489 Lamar Jackson
94%
2013 528.7 Peyton Manning
94%
2004 458.6 Peyton Manning
94%
2011 481.3 Drew Brees
88%
2013 437.6 Drew Brees
88%
2012 432.1 Drew Brees
88%
2025 516.3 Matthew Stafford
88%
2011 485.9 Aaron Rodgers
82%
2016 461.6 Aaron Rodgers
82%
2014 428.5 Aaron Rodgers
82%
2012 427.1 Aaron Rodgers
82%
2025 468.6 Drake Maye
82%
2015 465.6 Cam Newton
76%
2024 458.5 Joe Burrow
76%
2024 447.4 Baker Mayfield
47%
1998 437.5 Steve Young
47%
2014 439.8 Andrew Luck
29%
2004 450.6 Daunte Culpepper
12%
No matching quizzes found
Score Distribution
Percent of People with Each Score
Percentile by Number Answered
Your Score History
You have not taken this quiz since the last reset